Jeffrey DeMunn Filmography - Statistics

General Stats
  • This quiz has been taken 2 times
  • The average score is 6 of 157
Answer Stats
Type Year Name % Correct
Film 1999 The Green Mile
100%
Film 1994 The Shawshank Redemption
100%
TV Show 2016-2023 Billions
50%
TV Show 2012 Chicago Fire
50%
TV Show 2013 Mob City
50%
Film 1988 The Blob
50%
Film 2001 The Majestic
50%
Film 2007 The Mist
50%
TV Show 2010-2012 The Walking Dead
50%
Film 2010 6 Souls
0%
TV Film 1997 A Christmas Memory
0%
Film 2014 Adult Beginners
0%
Theater 2013 A Family for All Occasions
0%
Theater 2014 A Great Wilderness
0%
TV Film 1995 Almost Golden: The Jessica Savitch Story
0%
Documentary Series 2001 American Experience
0%
Documentary Series 1986 American Masters
0%
TV Show 1983, 1985, 1988, 1990 American Playhouse
0%
Theater 1973, 1982 A Midsummer Night's Dream
0%
TV Film 1982 A Midsummer Night's Dream
0%
Film 2011 Another Happy Day
0%
Theater 2003 A Picasso
0%
Theater 1977-1978 A Prayer for My Daughter
0%
Short Film 2009 Around the Block
0%
Theater 2005 Ashley Montana Goes Ashore in the Caicos... Or What Am I Doing Here?
0%
TV Film 1985 A Time to Live
0%
Short Film 2017 A Tree a Rock a Cloud
0%
Theater 1975 Augusta
0%
TV Film 1993 Barbarians at the Gate
0%
Theater 1980 Bent
0%
TV Film 1994 Betrayal of Trust
0%
Film 1988 Betrayed
0%
TV Film 1998 Black Cat Run
0%
Film 1989 Blaze
0%
Film 2008 Burn After Reading
0%
TV Film 1990 By Dawn's Early Light
0%
TV Show 2008 Cashmere Mafia
0%
Short Film 2017 Cat Killer
0%
Film 2009 Cayman Went
0%
TV Show 1989 CBS Summer Playhouse
0%
Film 1980 Christmas Evil
0%
TV Film 1995 Citizen X
0%
Theater 1976-1977 Comedians
0%
TV Mini-Series 2006 Covert One: The Hades Factor
0%
TV Show 1997 Cracker: Mind Over Murder
0%
TV Film 1990 Crash: The Mystery of Flight 1501
0%
TV Documentary 1999 Crucible of Empire: The Spanish American War
0%
Web Series 2018 Dallas & Robo
0%
TV Show 2000 D.C.
0%
TV Show 1989 Dear John
0%
Theater 2010-2011 Death of a Salesman
0%
TV Show 2016 Divorce
0%
Theater 1983-1984 Don Juan
0%
TV Mini-Series 1985 Doubletake
0%
TV Film 1995 Down Came a Blackbird
0%
Documentary 1992 Earth and the American Dream
0%
TV Film 1995 Ebbie
0%
TV Mini-Series 2005 Empire Falls
0%
Film 1983 Enormous Changes at the Last Minute
0%
TV Show 2002 ER
0%
Film 1991 Eyes of an Angel
0%
Film 1982 Frances
0%
Theater 2008 Geometry of Fire
0%
TV Show 2001 Gideon's Crossing
0%
Film 1998 Girls' Night
0%
Documentary Series 2010 God in America
0%
Theater 1996 Greensboro: A Requiem
0%
Theater 1998 Gun-Shy
0%
TV Show 2003 Hack
0%
Film 2016 Halfway
0%
Film 1998 Harvest
0%
Theater 1994 Hedda Gabler
0%
TV Show 1985 Hill Street Blues
0%
TV Film 1995 Hiroshima
0%
Film 2006 Hollywoodland
0%
TV Film 1983 I Married Wyatt Earp
0%
Film 1982 I'm Dancing as Fast as I Can
0%
TV Film 1992 Jonathan: The Boy Nobody Wanted
0%
Theater 1983 K2
0%
Film 1995 Killer: A Journal of Murder
0%
TV Film 1980 King Crab
0%
Theater 2007-2008, 2012 King Lear
0%
TV Film 1987 Kojak: The Price of Justice
0%
TV Show 1990 L.A. Law
0%
TV Show 1993-2008 Law & Order
0%
TV Show 2000, 2001 Law & Order: Special Victims Unit
0%
TV Show 2005 Law & Order: Trial by Jury
0%
TV Mini-Series 1988 Lincoln
0%
Film 2017 Marshall
0%
Theater 1979-1980 Modigliani
0%
TV Show 1986 Moonlighting
0%
TV Mini-Series 1981 Mourning Becomes Electra
0%
Film 1992 Newsies
0%
TV Film 1997 Night Sins
0%
TV Film 2000 Noriega: God's Favorite
0%
TV Pilot 1983 O'Malley
0%
Theater 1993 One Shoe Off
0%
Theater 2002-2003 Our Town
0%
TV Film 2003 Our Town
0%
Theater 2019 Outside Mullingar
0%
TV Film 1997 Path to Paradise: The Untold Story of the World Trade Center Bombing
0%
Short Film 1989 Peacemaker
0%
Film 1996 Phenomenon
0%
Film 1981 Ragtime
0%
Film 1980 Resurrection
0%
Film 1997 RocketMan
0%
Film 1994 Safe Passage
0%
TV Film 1979 Sanctuary of Fear
0%
Documentary 2000 Scottsboro: An American Tragedy
0%
TV Film 1983 Sessions
0%
TV Film 1989 Settle the Score
0%
Theater 1987 Sleight of Hand
0%
TV Show 1986 Spenser: For Hire
0%
Theater 1988 Spoils of War
0%
TV Mini-Series 1999 Storm of the Century
0%
Theater 2006 Stuff Happens
0%
Film 2002 Swimming Upstate
0%
Theater 2001 Temporary Help
0%
Short Film 2018 The 8th Year of the Emergency
0%
TV Show 2014 The Affair
0%
Film 2018 The Amaranth
0%
TV Show 2015 The Blacklist
0%
Theater 1980-1981 The Chekhov Sketchbook
0%
Audiobook 2005 The Colorado Kid
0%
Film 2025 The Colorado Kid: A Hard Case Crime Novel
0%
Theater 1984 The Country Girl
0%
TV Film 1983 The Face of Rage
0%
Film 1980 The First Deadly Sin
0%
TV Show 2000 The Fugitive
0%
TV Show 2013 The Good Wife
0%
Theater 1986 The Hands of Its Enemy
0%
TV Film 1991 The Haunted
0%
Film 1986 The Hitcher
0%
Documentary Mini-Series 2001 The Impressionists
0%
Theater 2005 The Last Days of Judas Iscariot
0%
TV Film 1978 The Last Tenant
0%
Film 2003 The Lucky Ones
0%
TV Show 1987 The Magical World of Disney
0%
Short Film 2014 The Moor
0%
TV Show 1998 The Outer Limits
0%
Short Film 2005 The Persistence of Dreams
0%
TV Show 2001 The Practice
0%
Theater 1999-2000 The Price
0%
TV Documentary 1997 The Trial of Adolf Eichmann
0%
TV Show 1985 The Twilight Zone
0%
TV Show 2004 The West Wing
0%
Film 1998 The X Files
0%
TV Film 1992 Treacherous Crossing
0%
TV Show 1993 Tribeca
0%
Film 1997 Turbulence
0%
Theater 2009 Vera Laughed
0%
Film 1985 Warning Sign
0%
TV Film 1984 When They Says No
0%
TV Film 1986 Who Is Julia?
0%
TV Mini-Series 1988 Windmills of the Gods
0%
Film 1984 Windy City
0%
TV Film 1981 Word of Honor
0%
No matching quizzes found
Score Distribution
Percent of People with Each Score
Percentile by Number Answered
Your Score History
You have not taken this quiz